00635 2200205 4500001002100000005001700021008004100038035002500079040001200104082001000116084001400126090001400140245011200154260002800266300003700294500004900331650001900380700001800399850001200417INLIS00000000000178820150209084642.0  a0010-021500000000072 aYOPDYOG a332.3 a332.3 Tig a332.3 Tig a360: SEORANG pria yang membantu para ibu-ibu di Bogor...[rekaman video]c/ produser Amanda Valani...[et al] aJakartabMetro TVc2013 aDVD : digital, stereo ; 4 3/4 in aProgram Metro TV ; tanggal tayang 20/06/2013 aLembaga Kredit aAmanda Valani aYOPDYOG